| 000 | 00961nam a2200229 a 4500 | ||
|---|---|---|---|
| 999 |
_c4668 _d4668 |
||
| 001 | 10783 | ||
| 003 | BD-DhUAP | ||
| 005 | 20201116143918.0 | ||
| 008 | 201116s2006 bg a b 001 0 ben d | ||
| 020 | _a9843233751 | ||
| 040 |
_aDLC _cDLC _bBen _dBD-DhUAP |
||
| 082 | 0 | 0 |
_a954.922 AHM _223 |
| 100 | _aআহমেদ, শরীফ উদ্দিন। | ||
| 245 | 1 | 0 |
_aঢাকা : _bইতিহাস ও নগর জীবন, ১৮৪০-১৯২১ / _cশরীফ উদ্দিন আহমেদ। |
| 250 | _a৩য় সং.। | ||
| 260 |
_aঢাকা : _bএকাডেমিক প্রেস এন্ড পাবলিশার্স, _cc২০০৬। |
||
| 300 |
_a[১১], ৩৮৪ পৃষ্ঠা : _bচিত্র ; _c২৩ সেমি. |
||
| 504 | _aগ্রন্থপঞ্জি সম্বলিত। | ||
| 651 | _aDhaka -- History -- 1840-1921. | ||
| 942 |
_2ddc _cBK |
||